| 000 | 00607nam a2200217Ia 4500 | ||
|---|---|---|---|
| 003 | OSt | ||
| 005 | 20230405153332.0 | ||
| 008 | 210423s2001 xx 000 0 und d | ||
| 020 | _a978812030279 | ||
| 040 | _cAL | ||
| 041 | _aeng | ||
| 082 | _a512.5 LIPS | ||
| 100 |
_aLIPSCHUTZ (Seymour);LIPSON (Marc Lars). _983706 |
||
| 245 | _aSchaums outline of theory and problems of linear algebra. | ||
| 250 | _a3 | ||
| 260 |
_aNew Delhi _bTata McGraw-hill _c2001 |
||
| 300 |
_aviii,424 _bPB |
||
| 365 |
_b290 _cINR |
||
| 906 | _aalgebra. ; linear ; outline ; problems ; Schaums ; theory | ||
| 942 |
_2ddc _cBK |
||
| 999 |
_c158157 _d158157 |
||